[Event "Ostrava Konik op-B"]
[Site "Ostrava"]
[Date "2012.05.02"]
[Round "5"]
[White "Tyn, Marek"]
[Black "Kapoun, Pavel"]
[Result "1-0"]
[WhiteElo "1890"]
[BlackElo "1731"]
[PlyCount "81"]
[EventDate "2012.04.28"]
[EventType "swiss"]
[EventRounds "9"]
[EventCountry "CZE"]
[SourceTitle "CBM 148 Extra"]
[Source "ChessBase"]
[SourceDate "2012.06.22"]
[SourceVersion "1"]
[SourceVersionDate "2012.06.22"]
[SourceQuality "1"]

1. e4 e6 2. d4 d5 3. e5 c5 4. c3 Nc6 5. Nf3 Bd7 6. a3 cxd4 7. cxd4 a5 8. Nc3 Na7 9. Qb3 Qc7 10. Bd2 a4 11. Nxa4 b5 12. Nc3 Rb8 13. Rc1 Qb6 14. Na2 Nc6 15. Qc3 Rc8 16. Qd3 Na7 17. Rxc8+ Nxc8 18. Nb4 Nge7 19. Be2 h6 20. 0-0 g5 21. Rc1 Ng6 22. Qc3 Be7 23. Nc6 0-0 24. Nxe7+ Ncxe7 25. h4 Rc8 26. Qd3 Rxc1+ 27. Bxc1 Nf4 28. Bxf4 gxf4 29. Qd2 Nf5 30. Qxf4 b4 31. g4 bxa3 32. bxa3 Qb1+ 33. Kg2 Qe4 34. Qxe4 dxe4 35. gxf5 exf3+ 36. Bxf3 exf5 37. d5 Kf8 38. Kg3 Ke7 39. Kf4 Bc8 40. Be2 Bb7 41. Bc4 1-0

[Event "Ostrava Konik op-B"]
[Site "Ostrava"]
[Date "2011.05.08"]
[Round "9"]
[White "Kolar, Jaroslav"]
[Black "Kapoun, Pavel"]
[Result "1/2-1/2"]
[WhiteElo "1996"]
[BlackElo "1699"]
[PlyCount "22"]
[EventDate "2011.04.30"]
[EventType "swiss"]
[EventRounds "9"]
[EventCountry "CZE"]
[SourceTitle "CBM 142 Extra"]
[Source "ChessBase"]
[SourceDate "2011.06.27"]
[SourceVersion "1"]
[SourceVersionDate "2011.06.27"]
[SourceQuality "1"]

1. c4 c5 2. Nf3 Nf6 3. Nc3 Nc6 4. g3 g6 5. Bg2 Bg7 6. 0-0 0-0 7. d4 d6 8. d5 Na5 9. Qd3 a6 10. Bd2 Rb8 11. Rab1 b5 1/2-1/2

[Event "Ostrava Konik op-B"]
[Site "Ostrava"]
[Date "2011.05.04"]
[Round "5"]
[White "Hasinski, Krystian"]
[Black "Kapoun, Pavel"]
[Result "1-0"]
[WhiteElo "1973"]
[BlackElo "1699"]
[PlyCount "79"]
[EventDate "2011.04.30"]
[EventType "swiss"]
[EventRounds "9"]
[EventCountry "CZE"]
[SourceTitle "CBM 142 Extra"]
[Source "ChessBase"]
[SourceDate "2011.06.27"]
[SourceVersion "1"]
[SourceVersionDate "2011.06.27"]
[SourceQuality "1"]

1. d4 Nf6 2. c4 c5 3. e3 g6 4. Nf3 Bg7 5. Nc3 0-0 6. Be2 d6 7. 0-0 Na6 8. a3 Nc7 9. Qc2 b6 10. Rd1 Ne6 11. b4 Bb7 12. Bb2 Rc8 13. d5 Nc7 14. bxc5 bxc5 15. Rab1 Rb8 16. Ba1 Nd7 17. Rb3 Nb6 18. Rdb1 Ba6 19. Ne4 Qd7 20. Bxg7 Kxg7 21. Bf1 e6 22. dxe6 Qxe6 23. Ned2 Nd7 24. Rxb8 Nxb8 25. Ng5 Qf5 26. Nge4 f6 27. Qa4 Qe6 28. Qa5 Qd7 29. Nb3 Nc6 30. Qa4 Rd8 31. Nbxc5 dxc5 32. Nxc5 Qe8 33. Nxa6 Nxa6 34. Qxa6 Qe4 35. Rc1 Rd7 36. c5 Ne5 37. Qb5 Rd2 38. Qb4 Qd5 39. c6 a5 40. Qe7+ 1-0

[Event "Ostrava op"]
[Site "Ostrava"]
[Date "2010.05.05"]
[Round "5"]
[White "Marek, Matyas"]
[Black "Kapoun, Pavel"]
[Result "1-0"]
[WhiteElo "1835"]
[BlackElo "1815"]
[PlyCount "113"]
[EventDate "2010.05.01"]
[EventType "swiss"]
[EventRounds "9"]
[EventCountry "CZE"]
[SourceTitle "EXT 2011"]
[Source "ChessBase"]
[SourceDate "2010.11.26"]
[SourceVersion "1"]
[SourceVersionDate "2010.11.26"]
[SourceQuality "1"]

1. e4 c5 2. Nf3 Nc6 3. d4 cxd4 4. Nxd4 Qb6 5. Nb3 Nf6 6. Nc3 a6 7. Be3 Qc7 8. Be2 e6 9. a3 b5 10. 0-0 Be7 11. f4 d6 12. Qe1 h5 13. h3 h4 14. Bf3 Nd7 15. Qf2 Rb8 16. Rfd1 Nb6 17. Nd2 Nc4 18. Nxc4 bxc4 19. Rab1 Bf6 20. Qd2 Be7 21. Ne2 0-0 22. g4 Rd8 23. c3 Bb7 24. Nd4 Bf8 25. Qf2 Ne7 26. Rd2 Ng6 27. Rbd1 Ba8 28. Bg2 Re8 29. Ne2 Bc6 30. Rf1 Rb7 31. Nd4 e5 32. Nxc6 Qxc6 33. f5 Nh8 34. g5 Reb8 35. Kh2 Qe8 36. Rg1 g6 37. f6 Qc8 38. Bf3 Qc6 39. Rg2 Qc7 40. Kh1 Rb3 41. Qxh4 R8b5 42. Qf2 Qb8 43. h4 d5 44. exd5 Bxa3 45. bxa3 Rb1+ 46. Rg1 Rxg1+ 47. Kxg1 Rb3 48. d6 e4 49. d7 Rb1+ 50. Bd1 Kh7 51. d8Q a5 52. h5 Qxd8 53. Rxd8 a4 54. hxg6+ Nxg6 55. Qh2+ Nh4 56. Qxh4+ Kg6 57. Qxe4# 1-0

[Event "Ostrava op"]
[Site "Ostrava"]
[Date "2010.05.03"]
[Round "3"]
[White "Zemlicka, Vit"]
[Black "Kapoun, Pavel"]
[Result "1-0"]
[WhiteElo "1920"]
[BlackElo "1815"]
[PlyCount "120"]
[EventDate "2010.05.01"]
[EventType "swiss"]
[EventRounds "9"]
[EventCountry "CZE"]
[SourceTitle "EXT 2011"]
[Source "ChessBase"]
[SourceDate "2010.11.26"]
[SourceVersion "1"]
[SourceVersionDate "2010.11.26"]
[SourceQuality "1"]

1. e4 c6 2. d4 d5 3. exd5 cxd5 4. c4 Nf6 5. Nc3 g6 6. Nf3 Bg7 7. cxd5 Nbd7 8. Bd3 0-0 9. 0-0 Nb6 10. Ne5 Nfxd5 11. a3 Be6 12. f4 f5 13. Qe2 Bf7 14. Kh1 Nf6 15. Be3 Nbd5 16. Bc4 e6 17. Bg1 Re8 18. Rf3 Rc8 19. Bb3 a6 20. h3 h5 21. Nd1 h4 22. Nf2 Nh5 23. Bh2 Ng3+ 24. Bxg3 hxg3 25. Nfd3 Qb6 26. Nxf7 Qxb3 27. Nc5 Qb6 28. Ne5 Bxe5 29. Qxe5 Qxb2 30. Re1 Rxc5 31. dxc5 Qd2 32. Qe2 Qd4 33. Qe5 Qxc5 34. Rxg3 Kf7 35. Qb2 b5 36. Rc1 Qb6 37. Qe5 Qf2 38. Rf3 Qd2 39. Rc6 Re7 40. Rc8 Nf6 41. Rfc3 Qd1+ 42. Kh2 Qh5 43. Kg1 Qd1+ 44. Kh2 Qh5 45. Qd4 Qh4 46. g3 Qh5 47. Rc2 Qf3 48. Rf8+ Kxf8 49. Qxf6+ Ke8 50. Qh8+ Kd7 51. Qc8+ Kd6 52. Rd2+ Qd5 53. Qxa6+ Kc5 54. Rxd5+ exd5 55. h4 Rd7 56. Qxg6 d4 57. Qxf5+ Rd5 58. Qd3 b4 59. axb4+ Kxb4 60. Kh3 Kc5 1-0

[Event "Ostrava op"]
[Site "Ostrava"]
[Date "2009.05.04"]
[Round "3"]
[White "Kapoun, Pavel"]
[Black "Pifka, Jaroslav"]
[Result "1-0"]
[WhiteElo "1790"]
[BlackElo "1665"]
[PlyCount "79"]
[EventDate "2009.05.02"]
[EventType "swiss"]
[EventRounds "9"]
[EventCountry "CZE"]
[SourceTitle "EXT 2011"]
[Source "ChessBase"]
[SourceDate "2010.11.26"]
[SourceVersion "1"]
[SourceVersionDate "2010.11.26"]
[SourceQuality "1"]

1. d4 Nf6 2. Nc3 g6 3. e4 d6 4. f4 Bg7 5. Nf3 Bg4 6. Be2 Bxf3 7. Bxf3 c6 8. 0-0 0-0 9. Be3 Nfd7 10. e5 dxe5 11. fxe5 e6 12. Ne4 Qc7 13. Qd2 Nb6 14. Bh6 Nd5 15. c4 Ne7 16. g4 Nd7 17. Bxg7 Kxg7 18. Nf6 Ng8 19. g5 Rad8 20. Qf4 Qb6 21. Rf2 Ndxf6 22. exf6+ Kh8 23. c5 Qb4 24. Rd1 Rd7 25. Rfd2 Qa5 26. h4 Qc7 27. Qxc7 Rxc7 28. h5 Re8 29. hxg6 fxg6 30. Re2 h6 31. Be4 Kh7 32. Rh2 Rf7 33. Bc2 b6 34. Rd3 Rd7 35. Rf2 Rf8 36. cxb6 Rd5 37. bxa7 Rxg5+ 38. Rg2 Rxg2+ 39. Kxg2 Rxf6 40. Rb3 1-0